00571nam a2200193Ia 4500003000400000005001700004008004100021040000700062041000800069082001600077100002000093245003000113260004100143300000900184650002200193942001300215999001900228952013000247OSt20260331120257.0250729s2006 xx 000 0 und d cAL akan a370.15 VINA aVinyasa9230721 aArthashathra ( II nd puc) aMangalorebVinyasa Publicationc2006 a126p aEducation9230722 2ddccBED c238923d238923 00104070aALbALd2025-07-29eManagement Booksg30.00l0o370.15 VINApBED04242r2025-07-29 16:57:07v30.00w2025-07-29yBK